LEADER 00621nac# 22002051i 450 001 UON00175180 005 20231205103109.970 100 $a20030730a1967 |0itac50 ba 102 $aSE 105 $a|||| ||||| 110 $ab|||||||||| 200 1 $a Tema 210 $aLund$cGleerup. 463 1$1001UON00216469$12001 $aVåra äldsta folkböcker$fHilding Pleijel, Bror Olsson, Sigfrid Svensson$1210 $aLund$cGleerup$d1967. 199 p. ; 19 cm. 620 $aSE$dLund$3UONL000893 712 $aGleerup$3UONV248844$4650 801 $aIT$bSOL$c20240220$gRICA 912 $aUON00175180 996 $aTema$9882377 997 $aUNIOR